000 01086nam a2200265 i 4500
001 59528
003 ES-MaACL
005 20240514124303.0
007 t|
008 031029s1945 sp ||||1| spa d
080 _a821.134.2-4"19"
100 1 _aEntrambasaguas, Joaquín de,
_d1904-1995
_947309
245 1 0 _aEnsayos /
_cJoaquín de Entrambasaguas ; ilustraciones de José Caballero.
260 _aMadrid :
_bConsejo Superior de Investigaciones Científicas, Instituto Antonio de Nebrija,
_c[1945] (
_fAldus)
300 _a2 v. :
_bil. ;
_c20 cm.
490 1 _aCuadernos de literatura contemporánea. Prosa ;
_v2-3
505 8 _aContiene: 1. La mirada alrededor: (ensayos sobre las cosas) - 2. El latido de los seres: (ensayos sobre las gentes).
700 1 _aCaballero, José,
_d1915-1991
_933084
710 2 _aInstituto Antonio de Nebrija.
_94795
740 3 2 _aLa mirada alrededor.
740 3 2 _aEl latido de los seres.
830 1 _aCuadernos de literatura contemporánea. Prosa ;
_v2-3
_9230517
852 4 _aES-MaACL
_jF-16362-63
999 _c59528
_d59528